000
00336nam a2200133Ia 4500
008
220204s9999 xx 000 0 und d
082
_a
546
_b
DAY;1
100
_a
Day, M Clyde
245
0
_a
Theoretical inorganic chemistry
260
_a
London
_b
Reinhold
_c
1962
650
_a
Inorganic chemistry
700
_a
Selbin, Joel
942
_c
BK
999
_c
20882
_d
20882